000 00957nmc a2200349 a 4500
003 AR-BaBNM
005 20251128205729.0
008 078019s1990 ||||||||||||||000 | spa||
020 _a84-7738-044-9
040 _cAR-BaBNM
100 1 _aRotaetxe Amusategi, Karmele
245 1 0 _aSociolingüística
260 _aMadrid
_bSíntesis
_c1990
300 0 _a183 p.
_bgráfs.
490 0 _aLingüística
_vv. 13
500 0 _aContiene referencias bibliográficas en p. 179
500 1 _aIndice de autores, temas y lengua en p. 179
650 4 _aSEMIOLOGIA
650 4 _aTEORIA LINGUISTICA
650 4 _aCOMPORTAMIENTO LINGUISTICO
650 4 _aANALISIS LINGUISTICO
650 4 _aMINORIAS LINGUISTICAS
650 4 _aFONOLOGIA
650 4 _aSINTAXIS
650 4 _aSEMANTICA
650 4 _aGRAMATICA
650 4 _aLENGUAS
650 4 _aSOCIOLINGUISTICA
800 1 _aMarín, Francisco Marcos
_edirector
942 _cBK
998 _cMARTIN
999 _c12587
_d12587